Food and fiber for a changing world : third century challenge to American agriculture /

Bibliographic Details
Main Author: Thomas, Gerald W.
Other Authors: Curl, Samuel E., Bennett, William F.
Format: Book
Language:English
Published: Danville, Ill. : Interstate Printers & Publishers, [1982]
Edition:2nd ed.
Subjects:

MARC

Tag First Indicator Second Indicator Subfields
LEADER 00000cam a2200000 a 4500
001 in00000091142
005 20150923131344.0
008 820422s1982 ilua b 00110 eng
010 |a  80082349  
020 |a 0813421543 
035 |a (OCoLC)08431267 
035 |9 AAK6730AM 
039 0 |a 2  |b 3  |c 3  |d 3  |e 3 
040 |a DLC  |c DLC  |d TXA  |d UtOrBLW 
043 |a n-us--- 
049 |a TXAM  |c [1633286] 
050 0 0 |a S441  |b  T437 1982 
082 0 |a 630/.973  |2 19 
100 1 |a Thomas, Gerald W. 
245 1 0 |a Food and fiber for a changing world :  |b third century challenge to American agriculture /  |c Gerald W. Thomas, Samuel E. Curl, William F. Bennett, Sr. 
250 |a 2nd ed. 
264 1 |a Danville, Ill. :  |b Interstate Printers & Publishers,  |c [1982] 
264 4 |c ©1982 
300 |a xv, 258 pages :  |b illustrations ;  |c 24 cm. 
336 |a text  |b txt  |2 rdacontent 
337 |a unmediated  |b n  |2 rdamedia 
338 |a volume  |b nc  |2 rdacarrier 
504 |a Includes bibliographical references and index. 
650 0 |a Agriculture  |z United States. 
650 0 |a Agriculture. 
650 0 |a Food supply. 
650 0 |a Fibers. 
700 1 |a Curl, Samuel E. 
700 1 |a Bennett, William F. 
999 |a MARS 
999 f f |s 18c50fe8-72e0-39a5-8c42-77119692a743  |i f4115b7a-e040-3e41-924c-dcf124901466  |t 0 
952 f f |p ric  |a Texas A&M University  |b Rellis Campus  |c Joint Library Facility  |d Remote Storage  |t 0  |e S441 T437 1982  |h Library of Congress classification  |i unmediated -- volume  |m A14806019648 
998 f f |a S441 T437 1982  |t 0  |l Remote Storage